| 000 | 00557nam a2200229Ia 4500 | ||
|---|---|---|---|
| 003 | OSt | ||
| 005 | 20221005073704.0 | ||
| 006 | a|||||r|||| 00| 0 | ||
| 007 | ta | ||
| 008 | 221004b |||||||| |||| 00| 0 eng d | ||
| 024 | _a31776 | ||
| 037 | _cTextual | ||
| 040 |
_aCRL _cCRL _beng |
||
| 041 |
_2eng _aeng |
||
| 082 | _a72:N5k, N4 RR | ||
| 245 | 0 | _aIndia Who's who 1993-94 | |
| 250 | _a23rd | ||
| 260 |
_aNew Delhi _bINFA _c1994 |
||
| 300 |
_a2146p _ccm. |
||
| 942 |
_h72:N5k, N4 RR _cTEXL _2cc |
||
| 999 |
_c981523 _d981523 |
||